Antología de poesía y prosa de Gabriela Mistral
Salvato in:
| Autore principale: | |
|---|---|
| Natura: | Libro |
| Lingua: | spagnolo |
| Pubblicazione: |
Ciudad de México
Fondo de Cultura Económica
1997
|
| Serie: | Colección Tierra Firme
|
| Soggetti: | |
| Tags: |
Aggiungi Tag
Nessun Tag, puoi essere il primo ad aggiungerne!!
|
MARC
| LEADER | 00000nam a2200000 a 4500 | ||
|---|---|---|---|
| 001 | UCO6080 | ||
| 003 | CL-VaPUC | ||
| 005 | 20241016095655.0 | ||
| 008 | 001006e19970000MX |||||||||||||||||spa|d | ||
| 999 | |c 291869 |d 291867 | ||
| 040 | |c Pontificia Universidad Católica de Valparaíso | ||
| 082 | 0 | 4 | |a Ch861 |b QUE |2 21 |
| 100 | 0 | |a Quezada, Jaime |e author |9 450918 | |
| 245 | 1 | 0 | |a Antología de poesía y prosa de Gabriela Mistral |
| 260 | |a Ciudad de México |b Fondo de Cultura Económica |c 1997 | ||
| 300 | |a 401 p | ||
| 490 | 0 | |a Colección Tierra Firme | |
| 583 | |a last modification |c 20001006 00:00:00 |k Rodrigo Vera | ||
| 600 | 0 | |a Mistral, Gabriela, |d 1889-1957 |e autora |q Godoy Alcayaga, Lucila |9 866296 | |
| 650 | 0 | |a Poesías chilenas |9 265280 | |
| 650 | 0 | |a Literatura chilena |9 308278 | |
| 650 | 0 | |a Formas y géneros literarios |9 324031 | |
| 650 | 0 | |a Prosa chilena |9 267787 | |
| 942 | |c BK |2 ddc | ||
| 945 | |d 20001006 00:00:00 |a vberengu | ||
| 952 | |0 0 |1 0 |4 0 |6 CH_861_000000000000000_QUE_1997 |7 0 |8 A |9 342143 |a BIBART |b BIBART |d 2019-11-20 |i 3652432 |o Ch861 QUE 1997 |p 3652432 |r 2025-03-13 |w 2019-11-20 |y BK |k ART | ||